Použitie selektívnych sorbentov na separáciu enantiomérov aminokyselín metódou vysokoúčinnej kvapalinovej chromatografie diplomová práca
Gespeichert in:
| 1. Verfasser: | |
|---|---|
| Format: | Buch |
| Sprache: | Slowakisch |
| Veröffentlicht: |
Bratislava
STU FCHPT
2016
|
| Online-Zugang: | Im OPAC anzeigen |
| Tags: |
Keine Tags, Fügen Sie das erste Tag hinzu!
|
MARC
| LEADER | 00000nam a2200000 a 4500 | ||
|---|---|---|---|
| 005 | 20260127134045.0 | ||
| 008 | 160613 2016 000 0 slo d | ||
| 035 | |a vtls011559648 | ||
| 039 | 9 | |a 201606230806 |b mschk03 |y 201606131323 |z mschk03 | |
| 040 | |a STUSCHK1 |b slo |c STUSCHK1 |e AACR2 | ||
| 100 | 1 | |a Lomenova, Anna | |
| 245 | 1 | |a Použitie selektívnych sorbentov na separáciu enantiomérov aminokyselín metódou vysokoúčinnej kvapalinovej chromatografie |b diplomová práca |c Anna Lomenova | |
| 260 | |a Bratislava |b STU FCHPT |c 2016 | ||
| 300 | |a 77 s. |b il. |c 25 cm | ||
| 500 | |a Študijný program: technická chémia | ||
| 500 | |a Študijný odbor: chémie, chemické technológie | ||
| 500 | |a Školiace pracovisko: Ústav analytickej chémie | ||
| 500 | |a Evid. číslo: FCHPT-104542-42821 | ||
| 910 | |a SCHK95 | ||
| 999 | |c 3092 |d 3092 | ||